000 01276nam a22002897a 4500
999 _c119550
_d119550
003 dpl
005 20190413123552.0
008 190413b ||||| |||| 00| 0 eng d
010 _aB-200267
020 _c200.00
_a8188286303
035 _aB-200267, B-200271
037 _bCen Lib/Ret
040 _aDPL
_bHN
_c0
082 _a230.35
_bभाटिया
100 _aभाटिया, सुदर्शन
_985526
245 _aविश्वप्रसिद्ध संत और उनके दिशा-निर्देश /
_cसुदर्शन भाटिया
246 _aVishawprasidha sant aur unke disha-nirdesh /
_bby Sudarshan Bhatia
260 _aदिल्ली
_bनार्थ इण्डिया पब्लिशर्स
_c2006
270 _aफेस ई 1/265, गली नं.-17, सोनिया विहार
_bदिल्ली
_e110094
300 _a136पृ.
_c21सेमी(सजिल्द)
500 _aअनुक्रमणिका शामिल
650 _aसंत
_985527
650 _aसंत--दिशा-निर्देश
_946180
650 _aSaint
_985528
650 _a Saint--Directions
_985529
942 _2ddc
_cHN
_h230.35
_mभाटिया